| 000 | 00346nam a2200109Ia 4500 | ||
|---|---|---|---|
| 008 | 171211s9999 xx 000 0 und d | ||
| 245 | _aContemporary Research on Intertextuality in Video Games | ||
| 245 | _cChristian-Marie Pons and Christophe Duret | ||
| 260 | _c2016 | ||
| 650 | _xGAMES | ||
| 856 | _uhttp://down.ebook777.com/052/9781522504771.pdf | ||
| 999 |
_c348958 _d348958 |
||